000 00840cam a22002531 4500
001 000011044
005 20200929162339.0
008 800418s1970 sp b b 000 0 spa
010 _a79293136
035 _a(OCoLC)6218774
040 _aDO-SdBNP
_cNIC
_dOCoLC
_dDLC
042 _apremarc
050 0 0 _aQK495.S43
_bV34
100 1 _aValdes, B.
_q(Benito)
_926502
245 1 0 _aRevision de las especies europeas de Linaria con semillas aladas.
260 _a[Sevilla] :
_bUniversidad de Sevilla,
_c1970.
300 _a288 p. :
_bmaps. ;
_c25 cm.
490 1 _aAnales de la Universidad Hispalense. Serie: Ciencias,
_vno. 7
504 _aBibliography: p. 265-277.
650 0 _aLinaria.
_926503
650 0 _aBotany
_zEurope.
_926504
830 0 _aSerie Ciencias (Seville, Spain) ;
_vno. 7.
_926505
910 _aCatalogación por copia / LC
999 _c10775
_d10775